| 000 | 00578nam a22001217a 4500 | ||
|---|---|---|---|
| 040 | _cRUA | ||
| 082 | _aVEM CHH 2025 B705 Or. | ||
| 100 | _aCHHIN SOPHAL,ឈិន សុផល. | ||
| 245 | _aCattle Gastro-Intestinal Parasites At Kouk Pou Commune, BoreyCholsar District, Takeo Province, បរាសិតក្នុងក្រពះពោះវៀនគោ នៅឃុំគោកពោធិ៍ ស្រុកបូរីជលសារ ខេត្តតាកែវ | ||
| 260 |
_aPHNOM PENH _bRUA _c2025 |
||
| 300 |
_aXI,47P. _bILL. _c29CM. |
||
| 942 | _cសារណាបទ | ||
| 999 |
_c25535 _d25535 |
||